000 00562nam a2200205Ia 4500
005 20260429112212.0
008 260429s9999||||xx |||||||||||||| ||und||
020 _a9780521729536
041 _aEnglish
082 _a550
_bCOC
100 _aCockell, Charles
245 0 _aIntroduction to the earth-life system /
_cCharles Cockell
260 _aCambridge :
_bCambridge University Press,
_c2008.
300 _a319 p.; pbk
650 _a Ecology
650 _a Environmental systems
650 _a Life sciences
650 _aEarth sciences
942 _cTB
999 _c52866
_d52866